000 00498nam a2200097Ia 4500
008 170517s9999 xx 000 0 und d
245 _aHere's to Flint
300 _aThe water crisis that is currently gripping residents of Flint, Michigan is one of the most tragic predicaments of recent times. It is all the more tragic for being entirely preventable. The hot-off-the-press documentary Here's to Flint explores the...
650 _xTechnology.
856 _uhttp://topdocumentaryfilms.com/here-flint/
999 _c335047
_d335047